000 00649nam a2200205Ia 4500
001 b4207-24834 [3755]
003 IT-MiCISF
008 161014s9999||||xx |||||||||||||| ||und||
040 _aIT-MiCISF
_cIT-MiCISF
041 _ait
100 _aCesari Lusso Vittoria
245 0 _aQuando la sfida viene chiamata integrazione
_bPercorsi di socializzazione e di personalizzazione di giovani "figli di emigrati"
250 _a1a ed.
260 _a Roma
_bNIS
_c1997
300 _app. 366
500 _a / famiglia-migranti, giovani, socializzazione, sociologia, scuola /
650 _aetà-evolutiva
942 _cBK
957 _71
999 _a24834
_bsi
_g1
_c213085
_d213085